[Event "Eurasian Blitz Chess Cup"]
[Site "Almaty KAZ"]
[Date "2016.06.18"]
[Round "9.8"]
[White "Jones, Gawain C B"]
[Black "Shoker, Samy"]
[Result "0-1"]
[WhiteTitle "GM"]
[BlackTitle "GM"]
[WhiteElo "2650"]
[BlackElo "2489"]
[WhiteFideId "409561"]
[BlackFideId "627143"]
[EventDate "2016.06.18"]

1. e4 c5 2. Nf3 g6 3. d4 Bg7 4. dxc5 Qa5+ 5. c3 Qxc5 6. Na3 Nf6 7. Be3 Qc6 8. e5
Ng4 9. Bd4 O-O 10. Be2 b6 11. Ng5 Nxe5 12. f4 Qxg2 13. Rg1 Qxh2 14. fxe5 Nc6 15.
Nf3 Qh3 16. Qd3 d6 17. exd6 e5 18. Bf2 Bf5 19. Qd5 Rac8 20. Ng5 Qh2 21. Rh1 Qf4
22. Nxh7 Be4 23. Qd2 Bxh1 24. Qxf4 exf4 25. Nxf8 Bxf8 26. O-O-O Be4 27. Bh4 f3
28. Bd3 Bh6+ 29. Kb1 Bxd3+ 30. Rxd3 g5 31. Bg3 g4 32. d7 Rd8 33. Nc2 f2 34. Bxf2
Ne5 35. Rd5 Bg7 36. Ne3 Rxd7 37. Rxd7 Nxd7 38. Nxg4 f6 39. Kc2 Kf7 40. Kd3 Ke6
41. a4 f5 42. Nh2 Bf8 43. b4 Ne5+ 44. Ke2 Kd5 45. Bd4 Nc6 46. Bf6 Kc4 47. Nf3
Kb3 48. a5 bxa5 49. b5 Nb8 50. Nd2+ Ka4 51. c4 Nd7 52. Bd4 Bc5 53. Bb2 Nb6 54.
Kd3 f4 55. Ne4 Be3 56. Be5 Kb3 57. c5 Nd7 58. Bd6 a4 59. c6 Nb6 60. Nc5+ Bxc5
61. Bxc5 a3 62. Bxb6 axb6 63. c7 a2 64. c8=Q a1=Q 65. Qc4+ Ka3 66. Qxf4 Qb1+ 67.
Kc3 Qb3+ 68. Kd2 Qxb5 69. Qd6+ Qb4+ 70. Qxb4+ Kxb4 71. Kc2 Ka3 72. Kb1 Kb3 73.
Ka1 b5 74. Kb1 b4 75. Ka1 Ka3 0-1

[Event "Eurasian Blitz Chess Cup"]
[Site "Almaty KAZ"]
[Date "2016.06.18"]
[Round "9.11"]
[White "Aleksandrov, Aleksej"]
[Black "Onischuk, Vladimir"]
[Result "1-0"]
[WhiteTitle "GM"]
[BlackTitle "GM"]
[WhiteElo "2577"]
[BlackElo "2613"]
[WhiteFideId "13500139"]
[BlackFideId "14114038"]
[EventDate "2016.06.18"]

1. d4 d6 2. c4 e5 3. e3 Nf6 4. Nc3 g6 5. dxe5 dxe5 6. Qxd8+ Kxd8 7. Nf3 Nc6 8.
Ng5 Ke7 9. b3 h6 10. Ba3+ Ke8 11. Bxf8 Rxf8 12. Nge4 Nxe4 13. Nxe4 Ke7 14. O-O-O
Bf5 15. Nc3 Be6 16. Be2 Rad8 17. Bf3 Rxd1+ 18. Rxd1 Nd8 19. Nd5+ Bxd5 20. Rxd5
f6 21. Kc2 c6 22. Rd2 Ne6 23. Kc3 Ng5 24. c5 h5 25. Kc4 Nxf3 26. gxf3 h4 27. h3
g5 28. b4 a6 29. a4 f5 30. Rd6 Rf6 31. Rd1 e4 32. Rg1 f4 33. fxe4 fxe3 34. fxe3
Rg6 35. e5 Ke6 36. Kd4 Rg8 37. Ke4 Rg7 38. Rg2 Rg8 39. Rf2 g4 40. Rf6+ Ke7 41.
hxg4 h3 42. Rh6 Rxg4+ 43. Kf5 Rxb4 44. Rxh3 Rxa4 45. Rh7+ Kd8 46. Ke6 Ra3 47.
Rxb7 Rxe3 48. Kd6 Kc8 49. Ra7 Rd3+ 50. Kxc6 Kb8 51. Rxa6 Re3 52. Kd6 Rd3+ 53.
Ke7 1-0

[Event "Eurasian Blitz Chess Cup"]
[Site "Almaty KAZ"]
[Date "2016.06.18"]
[Round "9.12"]
[White "Kovalenko, Igor"]
[Black "Marin, Mihail"]
[Result "1-0"]
[WhiteTitle "GM"]
[BlackTitle "GM"]
[WhiteElo "2668"]
[BlackElo "2576"]
[WhiteFideId "14117908"]
[BlackFideId "1200020"]
[EventDate "2016.06.18"]

1. d4 Nf6 2. c4 g6 3. Nc3 d5 4. Bg5 Ne4 5. h4 Bg7 6. cxd5 Nxc3 7. bxc3 Qxd5 8.
e3 c5 9. Qf3 Qxf3 10. Nxf3 Nc6 11. Bb5 Bd7 12. Rb1 h6 13. Bf4 O-O 14. Ke2 Rac8
15. d5 Nb8 16. Bxd7 Nxd7 17. Rxb7 Nb6 18. Rd1 Rfd8 19. c4 Nxc4 20. Rxe7 Nb2 21.
Rd2 Nc4 22. Rd1 Nb2 23. Rd2 Nc4 24. Rd3 Nb2 25. Ra3 Rxd5 26. Raxa7 Rf8 27. e4
Rdd8 28. Rec7 c4 29. Be5 Nd3 30. Bxg7 Nf4+ 31. Ke1 Kxg7 32. g3 Nd3+ 33. Ke2 Nc1+
34. Kf1 Rd1+ 35. Kg2 Nd3 36. Rxc4 Rb1 37. Rd4 Nc5 38. Ne5 Rb2 39. Rc4 Ne6 40. a4
g5 41. h5 Ra2 42. a5 Nd8 43. Rcc7 Ra4 44. f3 Ra2+ 45. Kh3 Kg8 46. a6 Rf2 47. Nd7 1-0

[Event "Eurasian Blitz Chess Cup"]
[Site "Almaty KAZ"]
[Date "2016.06.18"]
[Round "9.13"]
[White "Le, Quang Liem"]
[Black "Dzhumagaliev, Yan"]
[Result "1/2-1/2"]
[WhiteTitle "GM"]
[BlackTitle "FM"]
[WhiteElo "2718"]
[BlackElo "2400"]
[WhiteFideId "12401137"]
[BlackFideId "24100110"]
[EventDate "2016.06.18"]

1. d4 Nf6 2. c4 e6 3. Nf3 Bb4+ 4. Nbd2 b6 5. a3 Bxd2+ 6. Qxd2 Bb7 7. g3 a5 8. b3
O-O 9. Bg2 d6 10. O-O Nbd7 11. Re1 Qe7 12. Bb2 h6 13. Rad1 Be4 14. Qc3 c6 15.
Bh3 Bh7 16. Nd2 d5 17. a4 Rfc8 18. Rc1 Qe8 19. Bg2 b5 20. axb5 cxb5 21. Qe3 bxc4
22. bxc4 Rab8 23. Ba3 Rb6 24. Rc3 a4 25. Rec1 Rbc6 26. cxd5 Rxc3 27. Rxc3 Nxd5
28. Bxd5 Rxc3 29. Qxc3 exd5 30. Qc6 Nf6 31. Qxe8+ Nxe8 32. Kf1 Nc7 33. Ke1 Nb5
34. Bc5 Bc2 35. Nf1 a3 36. Ne3 Bb3 37. Bxa3 Nxa3 38. Kf1 Nc2 39. Nf5 Bc4 40. f3
Kf8 41. Kf2 h5 42. e3 g6 43. Nd6 Ke7 44. Nc8+ Ke6 45. Nb6 f5 46. h4 Nb4 47. Na4
Nd3+ 48. Kg2 Kd6 49. Nc3 Kc6 50. g4 fxg4 51. fxg4 Kd6 52. Kf3 Ke6 53. Na4 Kf6
54. Nc3 Ne1+ 55. Kf2 Nd3+ 56. Kf3 Bb3 57. Ke2 Bc4 58. Kf3 Nc1 59. e4 dxe4+ 60.
Nxe4+ Ke6 61. gxh5 Be2+ 62. Kf4 Bxh5 63. Kg5 Ne2 64. d5+ Ke5 65. d6 Ke6 66. d7
Kxd7 67. Nf6+ 1/2-1/2

[Event "Eurasian Blitz Chess Cup"]
[Site "Almaty KAZ"]
[Date "2016.06.18"]
[Round "9.14"]
[White "Gelfand, Boris"]
[Black "Fressinet, Laurent"]
[Result "1/2-1/2"]
[WhiteTitle "GM"]
[BlackTitle "GM"]
[WhiteElo "2734"]
[BlackElo "2687"]
[WhiteFideId "2805677"]
[BlackFideId "608742"]
[EventDate "2016.06.18"]

1. d4 Nf6 2. Nf3 d5 3. g3 e6 4. c4 Be7 5. Bg2 O-O 6. Qc2 c5 7. dxc5 d4 8. O-O
Nc6 9. Bg5 Nd7 10. Bxe7 Qxe7 11. Nbd2 e5 12. Ne1 Nxc5 13. Nd3 Bf5 14. a3 a5 15.
Rab1 a4 16. Rbe1 Rfe8 17. Kh1 Bg6 18. Bd5 Qd6 19. f3 Ne7 20. Ne4 Nxe4 21. Bxe4
Nc6 22. Bd5 Qc7 23. Qd2 Ne7 24. Rc1 Nxd5 25. cxd5 Qd6 26. Nb4 h5 27. e4 dxe3 28.
Qxe3 Rac8 29. Rc3 Rxc3 30. Qxc3 e4 31. Re1 h4 32. fxe4 Bxe4+ 33. Kg1 f5 34. Qe3
hxg3 35. Qxg3 Qb6+ 36. Qf2 Qf6 37. h4 f4 38. Kh2 Re5 39. Rg1 Rh5 40. Rg4 Rf5 41.
Qd2 Qe5 42. Kg1 f3 43. Qf2 Bxd5 44. Nd3 Qe2 45. Rd4 Bc6 46. Nf4 Qe5 47. Rd8+ Kf7
48. Rf8+ Kxf8 49. Ng6+ Kf7 50. Nxe5+ Rxe5 51. Qd4 Re2 52. Qc4+ Kf6 53. Qf4+ Kg6
54. Qg5+ Kh7 55. Qf5+ Kg8 56. Qc8+ Re8 57. Qf5 Re1+ 58. Kf2 Re2+ 59. Kf1 Re8 60.
h5 Rf8 61. Qg5 Rf6 62. Kf2 Kh7 63. Qe3 Kg8 64. Qg5 Kh7 65. Qe3 Kg8 66. Qg5 1/2-1/2

[Event "Eurasian Blitz Chess Cup"]
[Site "Almaty KAZ"]
[Date "2016.06.18"]
[Round "9.15"]
[White "Dreev, Aleksey"]
[Black "Anton Guijarro, David"]
[Result "1/2-1/2"]
[WhiteTitle "GM"]
[BlackTitle "GM"]
[WhiteElo "2664"]
[BlackElo "2627"]
[WhiteFideId "4100107"]
[BlackFideId "2285525"]
[EventDate "2016.06.18"]

1. d4 Nf6 2. Nf3 e6 3. c4 b6 4. a3 Bb7 5. Nc3 d5 6. Bg5 Be7 7. Qa4+ c6 8. Bxf6
Bxf6 9. cxd5 exd5 10. g3 O-O 11. Bg2 Re8 12. O-O Na6 13. Rfd1 Nc7 14. Rac1 a5
15. Qc2 b5 16. e3 g6 17. Ne2 Ne6 18. Qd2 Qd6 19. Rc2 Kg7 20. Nc1 c5 21. dxc5
Nxc5 22. Nd4 Qb6 23. Nce2 Ne4 24. Qe1 b4 25. Ra1 b3 26. Rcc1 a4 27. Rd1 Rec8 28.
Rac1 Rc4 29. Bxe4 Rxc1 30. Rxc1 dxe4 31. Qd2 Rd8 32. Rc4 Qa6 33. Qc3 Bd5 34. Rc7
Qd3 35. Kg2 h5 36. h4 Qxc3 37. Nxc3 Bxd4 38. exd4 Ba8 39. Ra7 e3+ 40. Kf1 exf2
41. Kxf2 Bc6 42. Ra6 Be8 43. Ke3 Rc8 44. d5 Rc4 45. Rb6 Rg4 46. Kf3 Bd7 47. Rb7
Bf5 48. d6 Rd4 49. Rb6 Bd7 50. Ne4 Be6 51. Nc5 Rd2 52. Ke3 Rd1 53. Rb7 Kf6 54.
Ra7 Ke5 55. d7 Kf6 56. Rxa4 Bxd7 57. Rd4 Rxd4 58. Kxd4 Bc8 59. Nxb3 Kf5 60. Ke3
Kg4 61. Kf2 f5 62. Nd4 f4 63. gxf4 Kxh4 64. b4 Kg4 65. Ne2 Bd7 66. Nc3 Kxf4 67.
a4 g5 68. a5 g4 69. Nd5+ Ke5 70. Ne3 h4 71. a6 g3+ 72. Kf3 Bc6+ 73. Kg4 Kd4 74.
Nf5+ Kc4 75. Nxh4 g2 76. Nxg2 Bxg2 1/2-1/2

[Event "Eurasian Blitz Chess Cup"]
[Site "Almaty KAZ"]
[Date "2016.06.18"]
[Round "9.16"]
[White "Ghaem Maghami, Ehsan"]
[Black "Saric, Ivan"]
[Result "1/2-1/2"]
[WhiteTitle "GM"]
[BlackTitle "GM"]
[WhiteElo "2551"]
[BlackElo "2660"]
[WhiteFideId "12500739"]
[BlackFideId "14508150"]
[EventDate "2016.06.18"]

1. d4 Nf6 2. c4 e6 3. Nf3 Bb4+ 4. Bd2 Qe7 5. Nc3 b6 6. g3 Bb7 7. Bg2 O-O 8. O-O
a5 9. Rc1 d6 10. d5 e5 11. Nh4 Bc8 12. Qc2 Na6 13. Nf5 Bxf5 14. Qxf5 Nc5 15. Bg5
Bxc3 16. Rxc3 h6 17. Bd2 a4 18. h3 Nh7 19. e4 Qd7 20. Qxd7 Nxd7 21. Be3 f5 22.
exf5 Rxf5 23. h4 Rff8 24. b4 axb3 25. axb3 Nhf6 26. Bh3 Ra3 27. Rfc1 Rfa8 28. b4
Rxc3 29. Rxc3 Kf8 30. Rc1 1/2-1/2

[Event "Eurasian Blitz Chess Cup"]
[Site "Almaty KAZ"]
[Date "2016.06.18"]
[Round "9.17"]
[White "Amonatov, Farrukh"]
[Black "Potkin, Vladimir"]
[Result "1-0"]
[WhiteTitle "GM"]
[BlackTitle "GM"]
[WhiteElo "2614"]
[BlackElo "2597"]
[WhiteFideId "14700077"]
[BlackFideId "4131061"]
[EventDate "2016.06.18"]

1. e4 c5 2. Nc3 e6 3. f4 d5 4. Bb5+ Nc6 5. Nf3 Nf6 6. e5 Nd7 7. O-O Qb6 8. Bxc6
Qxc6 9. d4 Be7 10. Be3 b6 11. Kh1 O-O 12. Qd2 f5 13. exf6 Nxf6 14. Ne5 Qc7 15.
Rae1 Ba6 16. Rf3 Bd6 17. Bf2 Bb7 18. Bh4 Ne4 19. Nxe4 dxe4 20. Rg3 Rf5 21. c3
Raf8 22. Bg5 Bd5 23. h3 Kh8 24. Qd1 cxd4 25. cxd4 Bxe5 26. fxe5 Rf2 27. Qg4 Qf7
28. Kh2 Qf5 29. Qh4 e3 30. Bxe3 Rxb2 31. Rg1 Re2 32. Qe7 Qf7 33. Qg5 h6 34. Qh4
Kh7 35. Qg4 Rc2 36. Rf1 Qe7 37. Qg6+ Kh8 38. Bxh6 gxh6 39. Qxh6+ 1-0

[Event "Eurasian Blitz Chess Cup"]
[Site "Almaty KAZ"]
[Date "2016.06.18"]
[Round "9.18"]
[White "Sjugirov, Sanan"]
[Black "Sanikidze, Tornike"]
[Result "1-0"]
[WhiteTitle "GM"]
[BlackTitle "GM"]
[WhiteElo "2665"]
[BlackElo "2548"]
[WhiteFideId "4189302"]
[BlackFideId "13602608"]
[EventDate "2016.06.18"]

1. d4 d5 2. Nf3 Nf6 3. Bg5 e6 4. e3 Be7 5. Nbd2 c5 6. c3 Nc6 7. Bd3 h6 8. Bh4
cxd4 9. exd4 Nh5 10. Bxe7 Qxe7 11. O-O O-O 12. Ne5 Nxe5 13. dxe5 Nf4 14. Bc2 Qg5
15. g3 Ng6 16. Nf3 Qh5 17. Re1 b6 18. a4 a5 19. Kg2 Bb7 20. Qd4 f6 21. Bxg6 Qxg6
22. Rac1 Rac8 23. b3 Qf7 24. Kg1 Rc6 25. Re3 Bc8 26. Rce1 Bd7 27. Kg2 f5 28. h4
Rfc8 29. Rc1 Rc5 30. Qf4 R5c7 31. Nd4 Qe7 32. h5 Qa3 33. Rc2 Qc5 34. g4 fxg4 35.
Qxg4 Qe7 36. Rg3 Rf8 37. f4 Qf7 38. Kh2 Rb8 39. Rcg2 Bc8 40. Qh4 Qf8 41. Rg6 Kh7
42. Qg4 b5 43. axb5 Rbb7 44. Rg3 a4 45. bxa4 Rc4 46. Qd1 Rf7 47. Qd3 Kh8 48.
R6g4 Rxf4 49. Rxg7 Re4 50. Qf1 Rf4 51. Qd3 Re4 52. Qf1 Rf4 53. Rg8+ Qxg8 54.
Rxg8+ Kxg8 55. Qxf4 Rxc3 56. Qg4+ Kf7 57. Qg6+ Ke7 1-0

[Event "Eurasian Blitz Chess Cup"]
[Site "Almaty KAZ"]
[Date "2016.06.18"]
[Round "9.19"]
[White "Filippov, Anton UZB"]
[Black "Moiseenko, Alexander"]
[Result "0-1"]
[WhiteTitle "GM"]
[BlackTitle "GM"]
[WhiteElo "2582"]
[BlackElo "2648"]
[WhiteFideId "14200988"]
[BlackFideId "14102560"]
[EventDate "2016.06.18"]

1. e4 c5 2. Nf3 Nc6 3. Bb5 d6 4. O-O Bd7 5. Re1 Nf6 6. c3 a6 7. Bf1 Bg4 8. h3
Bxf3 9. Qxf3 e6 10. d3 Be7 11. Be3 d5 12. Nd2 O-O 13. a4 Rc8 14. Qg3 Kh8 15. Bg5
h6 16. Bxf6 Bxf6 17. e5 Be7 18. Nf3 d4 19. c4 Rb8 20. Re4 b5 21. axb5 axb5 22.
b3 bxc4 23. bxc4 Rb2 24. h4 Qd7 25. Rg4 Rg8 26. Qf4 Bd8 27. Re1 Bc7 28. Qe4 Ne7
29. Rf4 Ng6 30. Rg4 Ne7 31. h5 Nf5 32. Rf4 Ba5 33. Ra1 Bc3 34. g4 Ne7 35. Rxf7
Qe8 36. Qf4 Rb7 37. Rd1 Nd5 38. cxd5 Rxf7 39. Qe4 exd5 40. Qxd5 Rgf8 41. Bg2 Rf4
42. Nh4 Rxg4 43. Ng6+ Rxg6 44. hxg6 Qxg6 45. Qe4 Qg5 46. e6 Qe7 47. Rb1 Qf6 48.
f3 Bd2 49. e7 Re8 50. Rb7 Be3+ 51. Kf1 Qa6 52. Bh3 Qa2 53. Qh4 Qa6 54. Rd7 Qxd3+
55. Kg2 Qe2+ 56. Kh1 Qd1+ 57. Bf1 Qxf1+ 58. Kh2 Qe2+ 59. Kh3 Qxf3+ 60. Qg3 Qxg3+
61. Kxg3 Bg5 0-1

[Event "Eurasian Blitz Chess Cup"]
[Site "Almaty KAZ"]
[Date "2016.06.18"]
[Round "9.20"]
[White "Vakhidov, Jahongir"]
[Black "Bologan, Viktor"]
[Result "1-0"]
[WhiteTitle "GM"]
[BlackTitle "GM"]
[WhiteElo "2578"]
[BlackElo "2654"]
[WhiteFideId "14201801"]
[BlackFideId "13900048"]
[EventDate "2016.06.18"]

1. c4 e5 2. Nc3 Bb4 3. Nf3 Bxc3 4. dxc3 d6 5. g3 Nf6 6. Bg2 h6 7. O-O O-O 8. b3
Nc6 9. a4 a5 10. Ba3 Be6 11. Nd2 Qd7 12. Re1 Bh3 13. Bh1 Rad8 14. Nf1 b6 15. e4
Nh7 16. Ne3 Ne7 17. b4 f5 18. exf5 Nxf5 19. Nd5 Kh8 20. Qh5 Ng5 21. f4 exf4 22.
Nxf4 Rf6 23. Nxh3 Nxg3 24. hxg3 Nxh3+ 25. Kh2 Rf2+ 26. Bg2 Ng5 27. Rf1 Rc2 28.
Kh1 Rxg2 29. Kxg2 Qc6+ 30. Kh2 Qxc4 31. bxa5 bxa5 32. Rae1 Qxa4 33. Bc1 Qc2+ 34.
Re2 1-0

[Event "Eurasian Blitz Chess Cup"]
[Site "Almaty KAZ"]
[Date "2016.06.18"]
[Round "9.21"]
[White "Volokitin, Andrei"]
[Black "Utegaliyev, Azamat"]
[Result "1-0"]
[WhiteTitle "GM"]
[WhiteElo "2624"]
[BlackElo "2494"]
[WhiteFideId "14107090"]
[BlackFideId "13702467"]
[EventDate "2016.06.18"]

1. e4 d5 2. exd5 Qxd5 3. Nc3 Qd6 4. d4 c6 5. Nf3 Bg4 6. Be3 Nf6 7. h3 Bh5 8. g4
Bg6 9. Ne5 Nd5 10. Nxd5 Qxd5 11. Rg1 Nd7 12. c4 Qa5+ 13. Bd2 Qb6 14. Nxd7 Kxd7
15. Bc3 e6 16. d5 exd5 17. cxd5 Re8+ 18. Be2 Bc5 19. dxc6+ Kxc6 20. Qa4+ Kc7 21.
Ba5 Bxf2+ 22. Kf1 Bxg1 23. Qf4+ Kd8 24. Bxb6+ Bxb6 25. Qd6+ 1-0

[Event "Eurasian Blitz Chess Cup"]
[Site "Almaty KAZ"]
[Date "2016.06.18"]
[Round "9.22"]
[White "Ismagambetov, Anuar"]
[Black "Harika, Dronavalli"]
[Result "1-0"]
[WhiteTitle "GM"]
[BlackTitle "GM"]
[WhiteElo "2542"]
[BlackElo "2514"]
[WhiteFideId "13701525"]
[BlackFideId "5015197"]
[EventDate "2016.06.18"]

1. e4 e6 2. d4 d5 3. Nc3 Bb4 4. Ne2 dxe4 5. a3 Bxc3+ 6. Nxc3 Nc6 7. Bb5 Ne7 8.
Bg5 f6 9. Be3 O-O 10. Qd2 e5 11. dxe5 Qxd2+ 12. Bxd2 Nxe5 13. Nxe4 Bf5 14. f3 c6
15. Be2 Nd5 16. O-O-O Bxe4 17. fxe4 Nb6 18. b3 Rfe8 19. Be3 Nbd7 20. Kb2 Nf8 21.
Rd2 Ne6 22. Rhd1 b5 23. Rd6 a5 24. g3 a4 25. Bf4 axb3 26. cxb3 Ra7 27. Bf1 Nc5
28. Bxe5 Rxe5 29. Rxc6 Nxe4 30. Rb6 Rf5 31. Bxb5 Rf2+ 32. Kc1 Rc7+ 33. Bc4+ Kf8
34. Re6 Nc5 35. Rd8+ Kf7 1-0

[Event "Eurasian Blitz Chess Cup"]
[Site "Almaty KAZ"]
[Date "2016.06.18"]
[Round "9.23"]
[White "Zhukova, Natalia"]
[Black "Yilmaz, Mustafa"]
[Result "1-0"]
[WhiteTitle "GM"]
[BlackTitle "GM"]
[WhiteElo "2475"]
[BlackElo "2613"]
[WhiteFideId "14101513"]
[BlackFideId "6302718"]
[EventDate "2016.06.18"]

1. c4 e5 2. Nc3 Nc6 3. Nf3 Bc5 4. g3 d6 5. Bg2 a6 6. O-O Nf6 7. a3 Ba7 8. b4 O-O
9. e3 Rb8 10. d4 Bg4 11. d5 Ne7 12. Qb3 Qc8 13. e4 h6 14. Be3 Bxe3 15. fxe3 c5
16. b5 axb5 17. Qxb5 Ne8 18. a4 Nc7 19. Qb6 Rd8 20. a5 Na6 21. Rf2 Qd7 22. Raf1
Rf8 23. Qb5 Qd8 24. Rb2 Nb4 25. Ra1 Nc8 26. a6 Bd7 27. a7 Nxa7 28. Qa5 Qxa5 29.
Rxa5 Nc8 30. Nb5 Bxb5 31. Rxb5 b6 32. Rb1 Na7 33. R5xb4 cxb4 34. Rxb4 Rfc8 35.
Nd2 b5 36. Bh3 Rc7 37. Bf1 Rcb7 38. cxb5 Nxb5 39. Nc4 Nc3 40. Rxb7 Rxb7 41. Nxd6
Rd7 42. Nc4 Nxe4 43. Bg2 Nd6 44. Nxe5 Re7 45. Ng4 h5 46. Nf2 Rxe3 47. Kf1 f5 48.
Nd1 Re5 49. Nc3 Kf7 50. Ne2 Kf6 51. h4 g6 52. Nf4 Re3 53. Kf2 Ra3 54. Ne6 Ne4+
55. Bxe4 fxe4 56. Ng5 Ke5 57. d6 Ra2+ 58. Ke3 Ra3+ 59. Kf2 Rd3 60. Nf7+ Ke6 61.
Ng5+ Kf5 62. Nf7 Rd2+ 63. Ke3 Rd3+ 64. Ke2 Rd5 65. Ke3 Rd1 66. Ke2 Rd3 67. Kf2
Ke6 68. Ng5+ Ke5 69. Nf7+ Kf6 70. Ng5 Kf5 71. Nf7 Rf3+ 72. Ke2 1-0

[Event "Eurasian Blitz Chess Cup"]
[Site "Almaty KAZ"]
[Date "2016.06.18"]
[Round "9.24"]
[White "Jumabayev, Rinat"]
[Black "Pak, Yevgeniy"]
[Result "1-0"]
[WhiteTitle "GM"]
[BlackTitle "IM"]
[WhiteElo "2613"]
[BlackElo "2401"]
[WhiteFideId "13702661"]
[BlackFideId "14201712"]
[EventDate "2016.06.18"]

1. d4 Nf6 2. c4 c5 3. d5 b5 4. cxb5 a6 5. bxa6 g6 6. Nc3 Bxa6 7. Nf3 d6 8. g3
Bg7 9. Bg2 Nbd7 10. O-O Nb6 11. Ne1 O-O 12. Nc2 Nc4 13. b3 Nd7 14. Ne4 Ncb6 15.
Rb1 Bb7 16. a4 Bxd5 17. Ne3 Bc6 18. Nf6+ Nxf6 19. Bxc6 Ra7 20. Bf3 Qd7 21. Qc2
Rc8 22. Bd2 c4 23. a5 cxb3 24. Qxb3 Na4 25. Nc4 Nc5 26. Qa3 Rf8 27. Be3 Nfe4 28.
Bxe4 Nxe4 29. Bxa7 Qxa7 30. Qd3 d5 31. Qxd5 Nc3 32. Qd3 Nxb1 33. Rxb1 Qa6 34.
Rb6 Qa8 35. Rb5 Rd8 36. Qb3 Qa7 37. Rb7 Qa8 38. Qf3 Bf6 39. Kg2 Qa6 40. Rc7 Rd4
41. Qc6 Qxc6+ 42. Rxc6 Rd1 43. a6 Ra1 44. e3 Ra2 45. g4 Bg5 46. Kg3 e6 47. h4
Bf6 48. g5 Be7 49. Ne5 Ra5 50. f4 Ra3 51. Kf3 Kf8 52. Rc8+ Kg7 53. Rc7 Bb4 54.
Rxf7+ Kg8 55. Ra7 Bc5 56. Ra8+ Kg7 57. Ng4 Kf7 58. Rc8 Bb6 59. Rb8 Rxa6 60. Rb7+
Ke8 61. Rxh7 Ra2 62. Rg7 Ra1 63. Rxg6 Kd7 64. h5 1-0

[Event "Eurasian Blitz Chess Cup"]
[Site "Almaty KAZ"]
[Date "2016.06.18"]
[Round "10.3"]
[White "Artemiev, Vladislav"]
[Black "Nepomniachtchi, Ian"]
[Result "1/2-1/2"]
[WhiteTitle "GM"]
[BlackTitle "GM"]
[WhiteElo "2653"]
[BlackElo "2719"]
[WhiteFideId "24101605"]
[BlackFideId "4168119"]
[EventDate "2016.06.18"]

1. d4 Nf6 2. Nf3 g6 3. Bg5 Bg7 4. Nbd2 O-O 5. e3 d6 6. c3 c5 7. Bd3 Nc6 8. O-O
b6 9. a3 Bb7 10. b4 Qc7 11. Rc1 e5 12. bxc5 dxc5 13. dxc5 bxc5 14. Bxf6 Bxf6 15.
Be4 Rad8 16. Qa4 Bg7 17. Rb1 Ba8 18. Qc4 Na5 19. Qa4 Nc6 20. Nb3 f5 21. Bxc6
Bxc6 22. Qc4+ Bd5 23. Qxc5 Qf7 24. Na5 Rc8 25. Qb4 h6 26. Rbd1 Kh7 27. h3 Rfe8
28. c4 Bxf3 29. gxf3 f4 30. Qb7 Rc7 31. Qe4 Qe7 32. Kh2 Qxa3 33. Rg1 Re6 34. Rd5
Rf7 35. Rg2 Qf8 36. c5 fxe3 37. fxe3 Rxf3 38. Rd7 Rf2 39. c6 Ref6 40. c7 Rxg2+
41. Qxg2 Rf2 42. Rd8 Qf3 43. Qxf2 Qxf2+ 44. Kh1 Qf1+ 45. Kh2 e4 46. Nc6 Qf2+ 47.
Kh1 Qe1+ 48. Kg2 Qe2+ 49. Kh1 Qf3+ 50. Kh2 Qf2+ 51. Kh1 Qf1+ 52. Kh2 Qe2+ 53.
Kh1 Qe1+ 54. Kg2 Qe2+ 55. Kh1 Qf3+ 56. Kh2 Qxe3 1/2-1/2

[Event "Eurasian Blitz Chess Cup"]
[Site "Almaty KAZ"]
[Date "2016.06.18"]
[Round "10.4"]
[White "Mamedov, Rauf"]
[Black "Hou, Yifan"]
[Result "1-0"]
[WhiteTitle "GM"]
[BlackTitle "GM"]
[WhiteElo "2655"]
[BlackElo "2663"]
[WhiteFideId "13401653"]
[BlackFideId "8602980"]
[EventDate "2016.06.18"]

1. e4 c5 2. Nf3 d6 3. Bb5+ Nd7 4. O-O a6 5. Bd3 Ngf6 6. Re1 e6 7. c3 Be7 8. Bc2
b5 9. d4 Bb7 10. e5 dxe5 11. dxe5 Nd5 12. Nbd2 c4 13. Ne4 Qc7 14. Bg5 f6 15.
Nd6+ Bxd6 16. exd6 Qxd6 17. Nd4 O-O-O 18. Rxe6 Qc7 19. Bh4 Ne5 20. Bg3 Rd7 21.
Bf5 Kb8 22. Qe2 Re7 23. Be4 Rhe8 24. Rxe7 Rxe7 25. Qd2 Nb6 26. Bc2 Ka8 27. a4
Nxa4 28. Bxa4 bxa4 29. Qc2 Qd7 30. Qxh7 Qd5 31. f3 Nc6 32. Qh8+ Qd8 33. Qxd8+
Nxd8 34. Rxa4 Ne6 35. Rxc4 Nxd4 36. Rxd4 Ka7 37. Bd6 Re6 38. Bc5+ Kb8 39. Rd8+
Kc7 40. Rg8 g5 41. Bd4 Bd5 42. h3 Kd7 43. Rg7+ Kd6 44. Kf2 Bc4 45. Be3 Re8 46.
b4 Rc8 47. Rg6 Ke6 48. Bd4 Rf8 49. Rh6 Kf5 50. g4+ Ke6 51. Kg3 Ke7 52. Bc5+ 1-0

[Event "Eurasian Blitz Chess Cup"]
[Site "Almaty KAZ"]
[Date "2016.06.18"]
[Round "10.8"]
[White "Shoker, Samy"]
[Black "Jones, Gawain C B"]
[Result "0-1"]
[WhiteTitle "GM"]
[BlackTitle "GM"]
[WhiteElo "2489"]
[BlackElo "2650"]
[WhiteFideId "627143"]
[BlackFideId "409561"]
[EventDate "2016.06.18"]

1. Nf3 Nf6 2. g3 g6 3. Bg2 Bg7 4. O-O O-O 5. d3 d6 6. c3 Nc6 7. b4 e5 8. e4 a5
9. b5 Ne7 10. a4 h6 11. Nbd2 Be6 12. d4 exd4 13. cxd4 d5 14. e5 Ne4 15. Ba3 Re8
16. Rc1 Nf5 17. Re1 Qd7 18. Qc2 Rac8 19. Nb3 b6 20. Qc6 Qd8 21. Qc2 h5 22. Nfd2
Bh6 23. Nxe4 dxe4 24. Rcd1 c6 25. bxc6 Qd5 26. Bxe4 Qxb3 27. d5 Qxa3 28. dxe6
Rxe6 29. Bxf5 gxf5 30. Qxf5 Rcxc6 31. Qxh5 Qe7 32. Re4 Rg6 33. h4 Bg7 34. Red4
Rc8 35. Re4 Rgc6 36. Kg2 Qb7 37. Kh2 Rc1 38. Rxc1 Rxc1 39. Qe2 Bxe5 40. Qg4+ Kf8
41. Qf5 Bg7 42. h5 Rc5 43. Qf3 Rxh5+ 44. Kg1 Re5 45. Qa3+ Qe7 46. Qxe7+ Kxe7 47.
Rg4 Bf6 48. Rc4 Rc5 49. Re4+ Kd6 50. Rf4 Ke6 51. Re4+ Re5 52. Rc4 Rd5 53. Kg2
Be7 54. f4 Bc5 55. Re4+ Kf6 56. Re2 Rd4 57. Ra2 Kf5 58. Re2 Rxa4 59. Re5+ Kf6
60. Kf3 Ra3+ 61. Kg4 Bf2 62. Rf5+ Ke7 63. Re5+ Kf8 64. Rb5 Rxg3+ 65. Kf5 Rc3 66.
Rb2 Bc5 67. Rh2 Ke7 68. Re2+ Re3 69. Rh2 a4 0-1

[Event "Eurasian Blitz Chess Cup"]
[Site "Almaty KAZ"]
[Date "2016.06.18"]
[Round "10.11"]
[White "Onischuk, Vladimir"]
[Black "Aleksandrov, Aleksej"]
[Result "1-0"]
[WhiteTitle "GM"]
[BlackTitle "GM"]
[WhiteElo "2613"]
[BlackElo "2577"]
[WhiteFideId "14114038"]
[BlackFideId "13500139"]
[EventDate "2016.06.18"]

1. e4 e5 2. Nf3 Nc6 3. Bb5 Nf6 4. O-O Nxe4 5. Qe2 Nd6 6. Bxc6 dxc6 7. Qxe5+ Qe7
8. Qa5 Qd8 9. Qc3 f6 10. Re1+ Be7 11. Qb3 c5 12. Na3 Bg4 13. Nb5 Bxf3 14. Nxd6+
Qxd6 15. Qxf3 O-O-O 16. d3 Qd7 17. Be3 Rhe8 18. a3 a6 19. b4 cxb4 20. axb4 h6
21. Reb1 Qd5 22. Qh3+ Qd7 23. Qh5 Qd5 24. Qg6 Bf8 25. b5 axb5 26. Ra5 b6 27.
Raxb5 Qc6 28. h3 Rd5 29. Rxd5 1-0